000
00269nam a2200109Ia 4500
008
230524s9999 xx 000 0 und d
100
_a
R.K Narayan
_9
36633
245
0
_a
My Days
500
_a
Quantity Number: 1
650
_a
Personality Development
_9
36634
942
_c
BK
999
_c
50675
_d
50675